| 000 | 01925cam a2200337 4500500 | ||
|---|---|---|---|
| 005 | 20251228073644.0 | ||
| 041 | _afre | ||
| 042 | _adc | ||
| 100 | 1 | 0 |
_aSteinkoler, Manya _eauthor |
| 245 | 0 | 0 | _aMar a Logos : L’élection de Trump et les fake news |
| 260 | _c2017. | ||
| 500 | _a20 | ||
| 520 | _aL’auteure examine la fonction des fausses nouvelles (fake news) lors de l’élection de Donald Trump en 2016 ainsi que la fascination et le pouvoir qu’elles exercent. L’objet de cet article est aussi historiciser la notion d’honnêteté dans l’histoire et la culture américaines avec son partenaire, la fraude, et de montrer comment les fake news sont un produit de ce partenariat. Le discours du capitaliste concerne un manque du manque et une continuation de la jouissance. Ce mode de jouissance fétichiste porte des fausses nouvelles. | ||
| 520 | _aThe author investigates the function and the fascinating power of fake news in the 2016 election of Donald Trump. She means to historicize the notion of honesty in American history and culture along with its partner, the swindle, and to show how Fake News is a product of this partnership. The Discourse of the Capitalist concerns a lack of lack and a continuation of jouissance. This fetishistic mode of enjoyment generates fake news. | ||
| 690 | _aDonald Trump | ||
| 690 | _aélection présidentielle américaine | ||
| 690 | _aescroquerie | ||
| 690 | _aFausses nouvelles | ||
| 690 | _ahonnêteté | ||
| 690 | _ajouissance | ||
| 690 | _amensonge | ||
| 690 | _aAmerican 2016 Presidential election | ||
| 690 | _aDonald Trump | ||
| 690 | _aFake news | ||
| 690 | _ahonesty | ||
| 690 | _ajouissance | ||
| 690 | _alie | ||
| 690 | _aswindle | ||
| 786 | 0 | _nSavoirs et clinique | 23 | 2 | 2017-09-19 | p. 23-33 | 1634-3298 | |
| 856 | 4 | 1 | _uhttps://shs.cairn.info/revue-savoirs-et-cliniques-2017-2-page-23?lang=fr&redirect-ssocas=7080 |
| 999 |
_c1595703 _d1595703 |
||